Austriaccy sportowcy - nagła śmierć - Statystyki

Ogólne statystyki
  • Ten quiz został rozwiązany 80 razy
  • Średni wynik to 7 z 12
Answers on the Grid
Answers color-coded by a green-red scale on the quiz's grid according to % correct below.
Marko Arnautović
Marit Bjørgen
Stefan Kraft
Thomas Müller
Karl Geiger
Gregor Schlierenzauer
David Alaba
Michael Schumacher
Thomas Morgenstern
Alexander Zverev
Mikkel Hansen
Dominic Thiem
Niki Lauda
Kevin Volland
Marcel Hirscher
Dario Cologna
Andreas Wellinger
Hermann Maier
Andreas Goldberger
Sven Kramer
Wolfgang Loitzl
Sebastian Vettel
Felix Gottwald
Leon Draisaitl
 
Statystyki odpowiedzi
Odpowiedź % Poprawnych
Stefan Kraft
89%
Marko Arnautović
81%
Gregor Schlierenzauer
74%
David Alaba
72%
Thomas Morgenstern
65%
Wolfgang Loitzl
61%
Andreas Goldberger
54%
Marcel Hirscher
43%
Dominic Thiem
41%
Niki Lauda
41%
Hermann Maier
35%
Felix Gottwald
30%
Nie znaleziono quizów pasujących do podanych kryteriów
Rozkład punktacji
Procent ludzi z każdym wynikiem
Percentyl według liczby udzielonych odpowiedzi
Twoja historia wyników
Nie rozwiązałeś tego quizu